Statistiques concernant Villes les plus devinées par pays sur JetPunk

Cliquez ici pour prendre le quiz!

Statistiques générales

  • Ce quiz a été pris 462 fois
  • Le résultat moyen est 28 sur 40

Statistiques - réponses

PaysPourcentageVille% Correct
France100%Paris
100%
France99%Marseille
99%
France98%Lyon
98%
Italie83%Rome
98%
Allemagne100%Berlin
97%
France94%Lille
93%
France94%Bordeaux
90%
Italie84%Milan
90%
Chine99%Pékin
90%
Suisse96%Berne
89%
Canada90%Ottawa
88%
Inde98%Delhi
85%
Allemagne95%Munich
85%
Canada95%Montréal
84%
Italie90%Naples
84%
Maroc95%Rabat
83%
Suisse94%Genève
81%
Italie81%Venise
80%
Chine95%Shanghai
79%
Italie74%Turin
75%
Suisse90%Zurich
75%
Maroc88%Marrakech
74%
Canada91%Québec
74%
Canada92%Toronto
74%
Maroc92%Casablanca
71%
Inde95%Mumbai
70%
Allemagne85%Francfort-sur-le-Main
66%
Allemagne86%Hambourg
66%
Canada86%Vancouver
65%
Chine82%Hong Kong
56%
Chine82%Guangzhou
49%
Suisse75%Lausanne
49%
Allemagne76%Cologne
47%
Inde66%Calcutta
45%
Maroc75%Fès
44%
Suisse69%Bâle
43%
Maroc69%Tanger
34%
Chine64%Wuhan
32%
Inde59%Bangalore
23%
Inde51%Chennai
16%

Distribution des résultats

Percentile par nombre de réponses

% des personnes avec chaque résultat

Votre développement - résultats

Vous n’avez pas pris ce quiz